Incidencia del estilo educativo del hogar en la disciplina escolar de los niños de pre-primario de la Escuela Salomé Ureña del Distrito Educativo 08-03. Año Escolar 2011-2012 (Record no. 360)

MARC details
000 -LEADER
campo de control de longitud fija 02669nam a2200577Ia 4500
001 - NÚMERO DE CONTROL
campo de control 394
008 - DATOS DE LONGITUD FIJA--INFORMACIÓN GENERAL
campo de control de longitud fija 241029s9999 xx 000 0 und d
010 ## - NÚMERO DE CONTROL DE LA BIBLIOTECA DEL CONGRESO
Número de control de LC 360
041 ## - CÓDIGO DE IDIOMA
Código de lengua del texto/banda sonora o título independiente Español
082 ## - NÚMERO DE LA CLASIFICACIÓN DECIMAL DEWEY
Número de clasificación MEI 12-002
245 #0 - MENCIÓN DEL TÍTULO
Título Incidencia del estilo educativo del hogar en la disciplina escolar de los niños de pre-primario de la Escuela Salomé Ureña del Distrito Educativo 08-03. Año Escolar 2011-2012
260 ## - PUBLICACIÓN, DISTRIBUCIÓN, ETC.
Lugar de publicación, distribución, etc. Santiago
300 ## - DESCRIPCIÓN FÍSICA
Extensión 127
520 ## - RESUMEN, ETC.
Sumario, etc. 5
520 ## - RESUMEN, ETC.
Sumario, etc. Este estudio planteó como objetivo general determinar el nivel de incidencia del estilo educativo del hogar en la disciplina escolar de los niños de pre primario de la Escuela Salomé Ureña del Distrito Educativo 08-03, Año Escolar 2011-2012.  El estudio utilizó como técnicas la entrevista, nota de campo y la observación; además empleó  como instrumento el cuestionario. Tuvo un carácter no experimental bajo el enfoque cuantitativo, ya que los resultados se presentaron de forma numérica. El método empleado fue deductivo.El estudio encontró que 59.4%  de los docentes es de sexo femenino, que el 50% de las maestras posee licenciatura. Mientras que el 49% de los padres son bachilleres. En lo referente a la  incidencia del estilo educativo del hogar en la disciplina escolar de los niños de pre primario de la escuela Salomé Ureña,  existe una gran correspondencia entre lo que el niño tiene en el hogar y lo que manifiesta en el centro educativo, así lo manifiesta el 100%  de los padres de los alumnos.
630 ## - PUNTO DE ACCESO ADICIONAL DE MATERIA--TÍTULO UNIFORME
Título uniforme Actitud de los Estudiantes
630 ## - PUNTO DE ACCESO ADICIONAL DE MATERIA--TÍTULO UNIFORME
Título uniforme Centros Educativos
630 ## - PUNTO DE ACCESO ADICIONAL DE MATERIA--TÍTULO UNIFORME
Título uniforme Crisis de Valores
630 ## - PUNTO DE ACCESO ADICIONAL DE MATERIA--TÍTULO UNIFORME
Título uniforme Déficit de Atención
630 ## - PUNTO DE ACCESO ADICIONAL DE MATERIA--TÍTULO UNIFORME
Título uniforme Disciplina Escolar
650 ## - PUNTO DE ACCESO ADICIONAL DE MATERIA--TÉRMINO DE MATERIA
Término de materia o nombre geográfico como elemento de entrada Orientación
690 ## - PUNTO DE ACCESO ADICIONAL DE MATERIA LOCAL--TÉRMINO DE MATERIA (OCLC, RLIN)
Término de materia o nombre geográfico como elemento inicial Elaborado
700 ## - ENTRADA AGREGADA--NOMBRE PERSONAL
Término indicativo de función/relación asesor
Nombre de persona Mena , Miriam
700 ## - ENTRADA AGREGADA--NOMBRE PERSONAL
Término indicativo de función/relación autor
Nombre de persona Cáceres Tejada , Rosario
700 ## - ENTRADA AGREGADA--NOMBRE PERSONAL
Término indicativo de función/relación autor
Nombre de persona Tavárez Cava , Ana Margarita
901 ## - ELEMENTOS DE DATOS A LOCAL LDA (RLIN)
a {"1":"Cáceres Tejada ","2":"Tavárez Cava "}
b {"1":"Rosario ","2":"Ana Margarita "}
902 ## - ELEMENTOS DE DATOS B LOCAL, LDB (RLIN)
a 1
903 ## - ELEMENTOS DE DATOS C LOCAL, LDC (RLIN)
a {"1":"Mena "}
b {"1":"Miriam"}
904 ## - ELEMENTOS DE DATOS D LOCAL, LDD (RLIN)
a Magíster en
905 ## - ELEMENTOS DE DATOS E LOCAL, LDE (RLIN)
a Ciencias de la Educación
906 ## - ELEMENTOS DE DATOS F LOCAL, LDF (RLIN)
a 1
907 ## - ELEMENTOS DE DATOS G LOCAL, LDG (RLIN)
a Mención en
908 ## - COLOCAR PARÁMETRO DE COMANDO (RLIN)
Colocar parámetro de comando Educación Inicial
909 ## -
-- Universidad Abierta para Adultos (UAPA), Recinto Santiago
910 ## - DATOS DE OPCIÓN DEL USUARIO (OCLC)
Datos de opción del usuario NULL
-- NULL
911 ## - EQUIVALENCIA O REFERENCIA-CRUZADA-NOMBRE DE CONFERENCIA O REUNIÓN/CONGRESO [LOCAL, CANADÁ]
Nombre de congreso/reunión o jurisdicción como elemento de entrada ["1"]
912 ## -
-- NO APLICA
913 ## -
-- NULL
914 ## -
-- 01 de Junio de 2012
915 ## -
-- 20/07/15 02:07
916 ## -
-- NULL
917 ## -
-- NULL
918 ## -
-- NO APLICA
919 ## -
-- ["5","33","50","53","67"]
921 ## -
-- 11
922 ## -
-- 11
923 ## -
-- 0
924 ## -
-- NO APLICA
942 ## - ELEMENTOS DE ENTRADA SECUNDARIOS (KOHA)
Tipo de ítem Koha

No items available.

© 2024. Todos los Derechos Reservados. Desarrollado por IDEICE